000 00280nam a2200133Ia 4500
100 _aWesting/ Fine
942 _cBK
654 _amanagement
245 _aPurchasing Management
260 _bWILEY EASTERN LIMITED
_c2001
082 _a658.7
300 _a538
546 _aENGLISH
999 _c35404
_d35404